000 01609nam a2200385 i 4500
001 991061300308206706
003 ES-BaIT
005 20250903131326.0
008 250313s1974 sp a||||r|||||0|| ddspa|c
017 _aM 9058-197
_bOficina DL Madrid
040 _aES-BaIT
_bcat
_erda
_cES-BaIT
041 1 _aspa
_hita
080 _a850-2"19"
100 1 _aFo, Dario
_eautor
_919595
245 1 0 _aMuerte accidental de un anarquista /
_cDario Fo ; versión de Carla Matteini
264 1 _aMadrid :
_bPipirijaina,
_c1974
300 _a63 pàgines :
_bil·lustracions ;
_c22 x 22 cm
336 _atext
_btxt
_2rdacontent
337 _asense mediació
_bn
_2rdamedia
338 _avolum
_bnc
_2rdacarrier
490 1 _aPipirijaina Textos;
_v5
500 _aP8: H8 i altres
500 _aEl text està inspirat en els fets reals al voltant de la mort de l'anarquista Giuseppe Pinelli a l'Itàlia dels anys 70 del segle XX
500 _aEl document es ven conjunt i inseparablement amb la revista Pipirijaina, número 5
505 2 _aConté també: Darío Fo y el Teatro de la Comune de Milán / Franca Rame -- Baladas y canciones / Dario Fo
600 1 4 _aFo, Dario
_xCrítica i interpretació
_986532
610 2 4 _aComune (Grup de teatre)
_xHistòria i crítica
_9166936
650 4 _aTeatre polític italià
_vTextos dramàtics
_x
_9158227
700 1 _iContenidor de (expressió):
_aFo, Dario.
_tMorte accidentale di un anarchico.
_lCastellà
_9166937
700 1 _aMatteini, Carla
_etraductor
_932741
830 0 _aPipirijaina.
_pTextos
_v5
_976276
908 _aCDMAE
940 _aCDMAE
942 _2udc
_c1
999 _c136479
_d136479